[Event "First Saturday FM-A March 2014"]
[Site "Budapest"]
[Date "2014.03.01"]
[Round "1.1"]
[White "Machlik, Monika"]
[Black "Juracsik, Jozsef"]
[Result "0-1"]
[WhiteElo "1973"]
[BlackElo "2124"]
[PlyCount "134"]
[EventDate "2014.03.01"]

1. d4 Nf6 2. c4 g6 3. Nc3 Bg7 4. e4 d6 5. f4 O-O 6. Nf3 c5 7. dxc5 Qa5 8. Bd3
Qxc5 9. Qe2 Nc6 10. Be3 Qh5 11. O-O Ng4 12. h3 Nxe3 13. Qxe3 b6 14. Rac1 Be6
15. b3 Qc5 16. Qxc5 bxc5 17. e5 Bh6 18. exd6 exd6 19. Nd2 Nd4 20. Nde4 Rad8 21.
Nf6+ Kh8 22. Ncd5 Bg7 23. Rfe1 a5 24. Rb1 h6 25. Kf2 Rb8 26. g4 a4 27. bxa4 Ra8
28. Ne4 Rxa4 29. Nxd6 Rxa2+ 30. Be2 Nc2 31. Rec1 Bd4+ 32. Kf1 Bxd5 33. cxd5
Ne3+ 34. Ke1 Ng2+ 35. Kd1 Nxf4 36. Bc4 Rh2 37. Rb7 Kg8 38. Nxf7 Be3 39. Nxh6+
Kh8 40. Rcb1 Rd2+ 41. Kc1 Nd3+ 42. Bxd3 Rxd3+ 43. Kc2 Rd2+ 44. Kc3 Bxh6 45.
R1b6 Rd4 46. Rb8 Rxb8 47. Rxb8+ Kh7 48. Rd8 Bg7 49. Kc2 g5 50. d6 Bf6 51. Rc8
c4 52. Rc7+ Kg6 53. d7 Bd8 54. Rc8 Rxd7 55. Rxc4 Bf6 56. Rc8 Rh7 57. Kd2 Rxh3
58. Ke2 Rc3 59. Ra8 Rg3 60. Ra4 Be5 61. Ra6+ Kf7 62. Ra7+ Ke6 63. Ra6+ Bd6 64.
Ra4 Bf4 65. Ra6+ Kd5 66. Ra5+ Kc4 67. Rf5 Rxg4 0-1

[Event "First Saturday FM-A March 2014"]
[Site "Budapest"]
[Date "2014.03.01"]
[Round "1.2"]
[White "Grundekjon, Christian"]
[Black "Kis, Bela"]
[Result "1-0"]
[WhiteElo "2022"]
[BlackElo "2093"]
[PlyCount "65"]
[EventDate "2014.03.01"]

1. e4 d6 2. d4 Nf6 3. Nc3 g6 4. Be3 Bg7 5. h3 c6 6. g4 b5 7. Bg2 Bb7 8. e5 Nd5
9. Nxd5 cxd5 10. f4 Nd7 11. Nf3 e6 12. Qd3 Rb8 13. O-O Qc8 14. f5 dxe5 15. fxe6
e4 16. exf7+ Kd8 17. Qxb5 exf3 18. Rxf3 h6 19. c3 Qc6 20. Qa5+ Qb6 21. Qxb6+
axb6 22. g5 h5 23. h4 Rc8 24. Bh3 Rc6 25. Re1 Rf8 26. Bf4 Bc8 27. Bh2 Nf6 28.
gxf6 Rxf6 29. Rxf6 Bxh3 30. Re8+ Rxe8 31. Bc7+ Kd7 32. fxe8=Q+ Kxe8 33. Rxb6
1-0

[Event "First Saturday FM-A March 2014"]
[Site "Budapest"]
[Date "2014.03.01"]
[Round "1.3"]
[White "Bohus, Adam"]
[Black "Schenkerik, Csaba"]
[Result "1/2-1/2"]
[WhiteElo "2018"]
[BlackElo "2077"]
[PlyCount "97"]
[EventDate "2014.03.01"]

1. d4 d5 2. Nf3 c6 3. c4 Nf6 4. e3 e6 5. b3 Nbd7 6. Bd3 Bd6 7. Bb2 O-O 8. O-O
Re8 9. Ne5 Qc7 10. f4 Ne4 11. Nd2 f5 12. Nxe4 dxe4 13. Be2 Nf6 14. g4 Qe7 15.
g5 Nd7 16. Kh1 a5 17. a3 Bxe5 18. dxe5 Nc5 19. Qc2 Bd7 20. Rfd1 Red8 21. Rd6 b6
22. Bd4 Nb7 23. Bxb6 Nxd6 24. Bxd8 Rxd8 25. exd6 Qxd6 26. c5 Qe7 27. Qc3 Rb8
28. Bc4 Ra8 29. Rd1 Kf8 30. Qe5 Re8 31. Rd6 Qf7 32. Qd4 Re7 33. Qd2 Qh5 34.
Rxd7 Qf3+ 35. Kg1 Rxd7 36. Qxd7 Qxe3+ 37. Kf1 Qxf4+ 38. Ke2 Qxh2+ 39. Kd1 Qg1+
40. Kc2 Qf2+ 41. Kd1 Qg1+ 42. Ke2 Qg2+ 43. Ke1 Qg3+ 44. Kd1 Qg1+ 45. Kc2 Qf2+
46. Kc3 Qe3+ 47. Kb2 Qf2+ 48. Kc1 Qg1+ 49. Kc2 1/2-1/2

[Event "First Saturday FM-A March 2014"]
[Site "Budapest"]
[Date "2014.03.01"]
[Round "1.4"]
[White "Machlik, Edit"]
[Black "Marcu, Simon"]
[Result "1-0"]
[WhiteElo "1885"]
[BlackElo "1892"]
[PlyCount "63"]
[EventDate "2014.03.01"]

1. d4 d5 2. c4 e6 3. Nc3 Nf6 4. cxd5 exd5 5. Bg5 Be7 6. e3 O-O 7. Qc2 h6 8. Bf4
Be6 9. Bd3 c6 10. Nf3 Nbd7 11. O-O b5 12. Rfc1 Nh5 13. Be5 f6 14. Bg3 Nxg3 15.
hxg3 Rc8 16. Nh4 Bf7 17. Nf5 Be6 18. Nxb5 cxb5 19. Qxc8 Bxf5 20. Qxd8 Rxd8 21.
Bxf5 Nb6 22. Rc7 Bf8 23. Rxa7 b4 24. Rc1 Kh8 25. b3 Na8 26. Rc6 Rb8 27. Rf7 Kg8
28. Be6 Kh7 29. Bxd5 Kg6 30. Ra7 Nb6 31. Be4+ Kg5 32. Ra5+ 1-0

[Event "First Saturday FM-A March 2014"]
[Site "Budapest"]
[Date "2014.03.01"]
[Round "1.5"]
[White "Lukacs, Albert"]
[Black "Steer, Jozsef"]
[Result "1/2-1/2"]
[WhiteElo "1902"]
[BlackElo "1919"]
[PlyCount "28"]
[EventDate "2014.03.01"]

1. e4 c6 2. d4 d5 3. Nc3 dxe4 4. Nxe4 Bf5 5. Ng3 Bg6 6. h4 h6 7. Nf3 e6 8. Bd3
Bxd3 9. Qxd3 Qc7 10. Bd2 Nf6 11. O-O-O Nbd7 12. Rhe1 O-O-O 13. Kb1 Bd6 14. Ne4
Nxe4 1/2-1/2

[Event "First Saturday FM-A March 2014"]
[Site "Budapest"]
[Date "2014.03.03"]
[Round "2.1"]
[White "Juracsik, Jozsef"]
[Black "Steer, Jozsef"]
[Result "1/2-1/2"]
[WhiteElo "2124"]
[BlackElo "1919"]
[PlyCount "29"]
[EventDate "2014.03.01"]

1. e4 c6 2. d4 d5 3. Nc3 dxe4 4. Nxe4 Bf5 5. Ng3 Bg6 6. h4 h6 7. Nf3 Nd7 8. Bd3
Bxd3 9. Qxd3 e6 10. Bf4 Ngf6 11. O-O-O Nd5 12. Bd2 Qc7 13. Kb1 O-O-O 14. c4
N5f6 15. Qe2 1/2-1/2

[Event "First Saturday FM-A March 2014"]
[Site "Budapest"]
[Date "2014.03.03"]
[Round "2.2"]
[White "Marcu, Simon"]
[Black "Lukacs, Albert"]
[Result "0-1"]
[WhiteElo "1892"]
[BlackElo "1902"]
[PlyCount "86"]
[EventDate "2014.03.01"]

1. d4 Nf6 2. c4 e6 3. Nc3 Bb4 4. Bd2 b6 5. Nf3 Bb7 6. e3 O-O 7. Be2 Re8 8. O-O
Bf8 9. Qc2 Na6 10. a3 c5 11. dxc5 Nxc5 12. b4 Nce4 13. Rfd1 Rc8 14. Rac1 Qc7
15. Nb5 Qb8 16. Be1 a6 17. Nbd4 e5 18. Nf5 d5 19. Qb2 dxc4 20. Rxc4 Rxc4 21.
Bxc4 Nd6 22. Nxd6 Bxd6 23. Ng5 Rf8 24. Qb3 g6 25. Nxf7 Be7 26. Nxe5+ Kh8 27.
Bc3 b5 28. Be6 Bc8 29. Nc6 Qc7 30. Nxe7 Bxe6 31. Qxe6 Qxc3 32. f3 Kg7 33. e4
Qe3+ 34. Kh1 Qe2 35. Rc1 h5 36. Nd5 Ng4 37. h3 Nf2+ 38. Kh2 Rxf3 39. Qe5+ Kh6
40. Qh8+ Kg5 41. Qe5+ Kh6 42. Rc8 Rxh3+ 43. gxh3 Ng4+ 0-1

[Event "First Saturday FM-A March 2014"]
[Site "Budapest"]
[Date "2014.03.03"]
[Round "2.3"]
[White "Schenkerik, Csaba"]
[Black "Machlik, Edit"]
[Result "1-0"]
[WhiteElo "2077"]
[BlackElo "1885"]
[PlyCount "103"]
[EventDate "2014.03.01"]

1. e4 c5 2. Nf3 a6 3. c3 d5 4. exd5 Nf6 5. d4 cxd4 6. Qxd4 Qxd5 7. Qxd5 Nxd5 8.
Be2 Bf5 9. O-O e6 10. a3 Bd6 11. Nh4 Be4 12. Nd2 Nf4 13. Bb5+ Bc6 14. Ne4 Ne2+
15. Bxe2 Bxe4 16. Bf3 Bxf3 17. Nxf3 Nc6 18. Be3 Ke7 19. Rfd1 Rhd8 20. Ng5 b6
21. Bxb6 Rdb8 22. Be3 Rxb2 23. Nxf7 Bxh2+ 24. Kxh2 Kxf7 25. Rd7+ Kf6 26. Rc7
Ne5 27. Bd4 Kf5 28. Rc5 Rb5 29. g4+ Kxg4 30. Rxe5 Rxe5 31. Bxe5 g5 32. Re1 h5
33. Bd4 Re8 34. Re5 Kf4 35. Ra5 Kf3 36. Rxg5 h4 37. Kh3 e5 38. Rf5+ Ke4 39.
Rxe5+ Rxe5 40. Bxe5 Kxe5 41. Kxh4 Ke4 42. Kg4 a5 43. f4 Kd3 44. f5 Kxc3 45. f6
Kb3 46. f7 Kxa3 47. f8=Q+ Kb3 48. Qb8+ Ka3 49. Qb1 a4 50. Qa1+ Kb3 51. Kf3 a3
52. Ke3 1-0

[Event "First Saturday FM-A March 2014"]
[Site "Budapest"]
[Date "2014.03.03"]
[Round "2.4"]
[White "Kis, Bela"]
[Black "Bohus, Adam"]
[Result "0-1"]
[WhiteElo "2093"]
[BlackElo "2018"]
[PlyCount "120"]
[EventDate "2014.03.01"]

1. e4 e5 2. Nc3 Nf6 3. Bc4 Nxe4 4. Nf3 Nf6 5. Nxe5 d5 6. Bb3 Be7 7. d4 O-O 8.
Bg5 Be6 9. O-O Nbd7 10. f4 Nxe5 11. dxe5 Ng4 12. Bxe7 Qxe7 13. Qf3 d4 14. Nd1
Nh6 15. Qxb7 Qc5 16. Qe4 Nf5 17. Kh1 Rad8 18. Nf2 Ne3 19. Nd3 Qb6 20. f5 Bxb3
21. axb3 Nxf1 22. Rxf1 Qh6 23. Rf4 Rfe8 24. h3 Qa6 25. Rh4 Qa1+ 26. Kh2 Qf1 27.
f6 g6 28. Qg4 Qf5 29. Qg3 Rd5 30. Rf4 Qh5 31. Re4 Qf5 32. Qe1 h5 33. Rf4 Rdxe5
34. Rxf5 Rxe1 35. Rc5 R1e6 36. Rxc7 Rxf6 37. Rxa7 Rc6 38. Nb4 Rb6 39. c3 Re2
40. Rd7 Rxb2 41. Rxd4 Rxb3 42. Nd5 Re6 43. Rd2 Kg7 44. h4 Rd6 45. c4 f6 46. Rc2
Kf7 47. g3 Ra6 48. Nf4 Rc6 49. Nd5 Rb5 50. Rf2 Rbc5 51. Nb4 Re6 52. Rf4 f5 53.
Nd3 Rc7 54. Rd4 Re4 55. Rd5 Rcxc4 56. Rd7+ Ke6 57. Ra7 Rc2+ 58. Kg1 Kd5 59. Ra6
Rc6 60. Ra8 Rc3 0-1

[Event "First Saturday FM-A March 2014"]
[Site "Budapest"]
[Date "2014.03.03"]
[Round "2.5"]
[White "Machlik, Monika"]
[Black "Grundekjon, Christian"]
[Result "1/2-1/2"]
[WhiteElo "1973"]
[BlackElo "2022"]
[PlyCount "123"]
[EventDate "2014.03.01"]

1. d4 f5 2. c4 Nf6 3. Nf3 g6 4. g3 Bg7 5. Bg2 O-O 6. O-O d6 7. b3 Nc6 8. Bb2 e5
9. e3 Nh5 10. a3 f4 11. d5 Ne7 12. exf4 exf4 13. Bxg7 Nxg7 14. Nc3 Nef5 15. Qd2
g5 16. gxf4 g4 17. Ng5 Nh4 18. Bh1 Nh5 19. Be4 Rxf4 20. Bxh7+ Kg7 21. Nce4 Nf3+
22. Nxf3 gxf3 23. Ng3 Qg5 24. Bd3 Bh3 25. Rfe1 Raf8 26. Re4 Nxg3 27. hxg3 Rg4
28. Qxg5+ Rxg5 29. Rh4 Rh8 30. Kh2 Bg2 31. Bf1 Rxh4+ 32. gxh4 Rg4 33. Bxg2
Rxg2+ 34. Kh3 Rxf2 35. Kg3 Rb2 36. b4 Rc2 37. Kxf3 Rxc4 38. Ke3 Kf6 39. Kd3
Rxh4 40. Rc1 Rh7 41. Kd4 Re7 42. b5 Rh7 43. Rc2 Rh4+ 44. Kd3 Ra4 45. Rxc7 Rxa3+
46. Kc4 b6 47. Rd7 Ra4+ 48. Kb3 Ra5 49. Kc4 Ke5 50. Re7+ Kf5 51. Re6 Ra4+ 52.
Kc3 Ra3+ 53. Kc4 Ra4+ 54. Kc3 Ra1 55. Kc4 Rc1+ 56. Kb4 Rc5 57. Rxd6 Ke5 58. Rh6
Kxd5 59. Rh5+ Kd6 60. Rh6+ Kd7 61. Rh8 Ke6 62. Rh6+ 1/2-1/2

[Event "First Saturday FM-A March 2014"]
[Site "Budapest"]
[Date "2014.03.04"]
[Round "3.1"]
[White "Grundekjon, Christian"]
[Black "Juracsik, Jozsef"]
[Result "0-1"]
[WhiteElo "2022"]
[BlackElo "2124"]
[PlyCount "86"]
[EventDate "2014.03.01"]

1. Nf3 Nf6 2. c4 c5 3. Nc3 d5 4. cxd5 Nxd5 5. e4 Nb4 6. d3 N8c6 7. Be3 e6 8. a3
Na6 9. d4 cxd4 10. Nxd4 Bd7 11. Ndb5 Be7 12. Nd6+ Bxd6 13. Qxd6 Qe7 14. O-O-O
Qxd6 15. Rxd6 Ke7 16. Rd2 Rhc8 17. Kb1 Na5 18. Bxa6 bxa6 19. Rhd1 Be8 20. Rd6
Bc6 21. Bc5 Ke8 22. Bb4 Nb7 23. R6d3 a5 24. Bd6 f6 25. f3 Rd8 26. e5 Rd7 27.
Kc2 Rc8 28. exf6 gxf6 29. Bg3 Rg7 30. Re3 Kf7 31. Rd2 Rg5 32. Kb1 Nc5 33. Ne4
Nxe4 34. fxe4 Rg4 35. Rde2 h5 36. h3 Rgg8 37. Be1 a4 38. Bc3 e5 39. Rf3 Rxg2
40. Ree3 Ke6 41. Kc1 Rgg8 42. Kd2 Bb5 43. Rg3 Rgd8+ 0-1

[Event "First Saturday FM-A March 2014"]
[Site "Budapest"]
[Date "2014.03.04"]
[Round "3.2"]
[White "Bohus, Adam"]
[Black "Machlik, Monika"]
[Result "1-0"]
[WhiteElo "2018"]
[BlackElo "1973"]
[PlyCount "55"]
[EventDate "2014.03.01"]

1. e4 Nf6 2. e5 Nd5 3. c4 Nb6 4. d4 d6 5. exd6 exd6 6. Nc3 Nc6 7. d5 Ne5 8. f4
Ng6 9. Bd3 Be7 10. Nf3 O-O 11. O-O Bf6 12. Qc2 c6 13. dxc6 bxc6 14. Ne4 a5 15.
Be3 Rb8 16. Rae1 Ba6 17. Kh1 Nd7 18. b3 Be7 19. f5 Nge5 20. Nxe5 dxe5 21. f6
Bxf6 22. Nxf6+ Nxf6 23. Bg5 h6 24. Bxf6 gxf6 25. Rf3 Qd6 26. Qc1 f5 27. Rg3+
Kh8 28. c5 1-0

[Event "First Saturday FM-A March 2014"]
[Site "Budapest"]
[Date "2014.03.04"]
[Round "3.3"]
[White "Machlik, Edit"]
[Black "Kis, Bela"]
[Result "0-1"]
[WhiteElo "1885"]
[BlackElo "2093"]
[PlyCount "96"]
[EventDate "2014.03.01"]

1. d4 Nf6 2. c4 c5 3. d5 e6 4. Nc3 exd5 5. cxd5 d6 6. e4 g6 7. f4 Bg7 8. Bb5+
Nfd7 9. a4 O-O 10. Nf3 Nf6 11. e5 Nh5 12. O-O Bg4 13. Re1 dxe5 14. fxe5 Nd7 15.
e6 Ne5 16. Bg5 Bxf3 17. Bxd8 Bxd1 18. e7 Rfxd8 19. exd8=Q+ Rxd8 20. Raxd1 c4
21. a5 a6 22. Ba4 Nd3 23. Re8+ Rxe8 24. Bxe8 Kf8 25. Bd7 Nxb2 26. Rc1 Bd4+ 27.
Kf1 Nf6 28. Bc8 Nd3 29. Rc2 Bxc3 30. Rxc3 Nxd5 31. Rxd3 cxd3 32. Bxb7 Nb4 33.
Ke1 Ke7 34. Kd2 Kd6 35. Kc3 Kc5 36. Bc8 Kb5 37. Bd7+ Kxa5 38. g4 f6 39. h4 h6
40. Be8 g5 41. hxg5 hxg5 42. Bd7 d2 43. Kxd2 Kb6 44. Kc3 Kc5 45. Bc8 a5 46. Bd7
Kd5 47. Kb3 Nd3 48. Ka4 Nc5+ 0-1

[Event "First Saturday FM-A March 2014"]
[Site "Budapest"]
[Date "2014.03.04"]
[Round "3.4"]
[White "Lukacs, Albert"]
[Black "Schenkerik, Csaba"]
[Result "1/2-1/2"]
[WhiteElo "1902"]
[BlackElo "2077"]
[PlyCount "24"]
[EventDate "2014.03.01"]

1. e4 c6 2. d4 d5 3. Nc3 dxe4 4. Nxe4 Nd7 5. Bc4 Ngf6 6. Qf3 e6 7. Bg5 Be7 8.
O-O-O Nxe4 9. Bxe7 Qxe7 10. Qxe4 Nf6 11. Qe5 Bd7 12. Nh3 O-O-O 1/2-1/2

[Event "First Saturday FM-A March 2014"]
[Site "Budapest"]
[Date "2014.03.04"]
[Round "3.5"]
[White "Steer, Jozsef"]
[Black "Marcu, Simon"]
[Result "1-0"]
[WhiteElo "1919"]
[BlackElo "1892"]
[PlyCount "51"]
[EventDate "2014.03.01"]

1. e4 e6 2. d4 d5 3. Nc3 dxe4 4. Nxe4 Nf6 5. Bg5 Be7 6. Bxf6 Bxf6 7. Nxf6+ Qxf6
8. Nf3 O-O 9. Bd3 Nc6 10. c3 e5 11. dxe5 Nxe5 12. Nxe5 Qxe5+ 13. Qe2 Re8 14.
Qxe5 Rxe5+ 15. Kd2 Be6 16. c4 Rd8 17. Kc3 g6 18. Rae1 Ra5 19. a3 Rg5 20. g3 Rg4
21. f4 h5 22. Re3 h4 23. Be2 h3 24. Rxe6 Rxf4 25. gxf4 fxe6 26. Bg4 1-0

[Event "First Saturday FM-A March 2014"]
[Site "Budapest"]
[Date "2014.03.05"]
[Round "4.1"]
[White "Juracsik, Jozsef"]
[Black "Marcu, Simon"]
[Result "1-0"]
[WhiteElo "2124"]
[BlackElo "1892"]
[PlyCount "71"]
[EventDate "2014.03.01"]

1. e4 e6 2. d4 d5 3. Nc3 dxe4 4. Nxe4 Nf6 5. Nxf6+ Qxf6 6. Nf3 h6 7. Bd3 Bd6 8.
Qe2 Bf4 9. Bxf4 Qxf4 10. g3 Qd6 11. O-O-O c6 12. Ne5 Nd7 13. Nc4 Qe7 14. f4 Nf6
15. Ne5 Bd7 16. Qd2 O-O-O 17. Qa5 Kb8 18. c4 Bc8 19. Be2 Nd7 20. Nd3 b6 21. Qa4
Bb7 22. Bf3 c5 23. Bxb7 Kxb7 24. d5 exd5 25. cxd5 Nb8 26. Ne5 Rd6 27. Rhe1 Qc7
28. Nc4 Rdd8 29. Re5 f6 30. Re6 Qd7 31. Qb3 Kc7 32. Nxb6 axb6 33. Rxb6 Qc8 34.
d6+ Rxd6 35. Rdxd6 Rd8 36. Qd5 1-0

[Event "First Saturday FM-A March 2014"]
[Site "Budapest"]
[Date "2014.03.05"]
[Round "4.2"]
[White "Schenkerik, Csaba"]
[Black "Steer, Jozsef"]
[Result "1/2-1/2"]
[WhiteElo "2077"]
[BlackElo "1919"]
[PlyCount "45"]
[EventDate "2014.03.01"]

1. e4 c6 2. d4 d5 3. e5 Bf5 4. h3 e6 5. g4 Bg6 6. Bg2 Nd7 7. Ne2 Ne7 8. Nbc3
Nc8 9. Be3 Qb6 10. Rb1 Be7 11. Qd2 c5 12. O-O c4 13. f4 h6 14. Ng3 Bh7 15. b3
cxb3 16. axb3 Bh4 17. Bf2 Bxg3 18. Bxg3 Ne7 19. Rf2 O-O-O 20. Bf1 a6 21. Rc1
Qc7 22. Bd3 Bxd3 23. Qxd3 1/2-1/2

[Event "First Saturday FM-A March 2014"]
[Site "Budapest"]
[Date "2014.03.05"]
[Round "4.3"]
[White "Kis, Bela"]
[Black "Lukacs, Albert"]
[Result "1-0"]
[WhiteElo "2093"]
[BlackElo "1902"]
[PlyCount "81"]
[EventDate "2014.03.01"]

1. e4 c5 2. d4 cxd4 3. c3 d3 4. Bxd3 Nc6 5. c4 d6 6. Nc3 g6 7. h3 Bg7 8. Nf3
Nf6 9. Be3 Be6 10. O-O Qc8 11. Rc1 h6 12. Nd5 Nh7 13. c5 Ng5 14. cxd6 exd6 15.
b4 Qd7 16. b5 Bxd5 17. Nxg5 hxg5 18. exd5 Ne5 19. Bxg5 Rxh3 20. gxh3 Qxh3 21.
Re1 Kd7 22. b6 f6 23. Bb5+ Kd8 24. Re3 Qf5 25. Bh4 Bh6 26. Qc2 Qg4+ 27. Rg3
Nf3+ 28. Kf1 Nd2+ 29. Qxd2 Qxh4 30. Re3 Qh1+ 31. Ke2 Qh5+ 32. f3 Qh2+ 33. Kd3
Qxd2+ 34. Kxd2 axb6 35. a4 f5 36. Rh1 Bxe3+ 37. Kxe3 Ke7 38. Rh7+ Kf6 39. f4 g5
40. Rh6+ Kg7 41. fxg5 1-0

[Event "First Saturday FM-A March 2014"]
[Site "Budapest"]
[Date "2014.03.05"]
[Round "4.4"]
[White "Machlik, Monika"]
[Black "Machlik, Edit"]
[Result "1-0"]
[WhiteElo "1973"]
[BlackElo "1885"]
[PlyCount "79"]
[EventDate "2014.03.01"]

1. d4 f5 2. c4 Nf6 3. Nf3 g6 4. g3 Bg7 5. Bg2 O-O 6. O-O d6 7. b3 c6 8. Bb2 Qc7
9. Nc3 Na6 10. a3 h6 11. b4 Be6 12. d5 Bf7 13. dxc6 bxc6 14. Nd4 Bxc4 15. Nxc6
Rac8 16. Nd5 Bxd5 17. Bxd5+ Nxd5 18. Qxd5+ Kh7 19. Bxg7 Kxg7 20. Qd4+ e5 21.
Qxa7 Qxa7 22. Nxa7 Rc2 23. Rfd1 Rxe2 24. Rxd6 f4 25. g4 Nc7 26. b5 Ne8 27. Rd7+
Rf7 28. Rxf7+ Kxf7 29. a4 Nf6 30. b6 Rb2 31. Nb5 f3 32. Rd1 Nxg4 33. Rf1 Nf6
34. h3 Nd7 35. b7 Rb4 36. Rd1 Nb8 37. Rd8 Nc6 38. Rc8 Rb1+ 39. Kh2 Nd4 40. b8=Q
1-0

[Event "First Saturday FM-A March 2014"]
[Site "Budapest"]
[Date "2014.03.05"]
[Round "4.5"]
[White "Grundekjon, Christian"]
[Black "Bohus, Adam"]
[Result "0-1"]
[WhiteElo "2022"]
[BlackElo "2018"]
[PlyCount "52"]
[EventDate "2014.03.01"]

1. e4 e5 2. f4 exf4 3. Bc4 c6 4. Nc3 Nf6 5. d4 d5 6. exd5 Nxd5 7. Nxd5 cxd5 8.
Bd3 Qh4+ 9. Kf1 Bd6 10. Nf3 Qf6 11. c3 O-O 12. Qc2 h6 13. Bd2 Nc6 14. Re1 Bg4
15. h4 Rfe8 16. Kf2 Rxe1 17. Nxe1 Ne7 18. Nf3 Bf5 19. Bxf5 Nxf5 20. Qb3 Ne3 21.
Re1 Re8 22. Bxe3 fxe3+ 23. Rxe3 Bg3+ 24. Ke2 Rxe3+ 25. Kxe3 Qf4+ 26. Ke2 Qe4+
0-1

[Event "First Saturday FM-A March 2014"]
[Site "Budapest"]
[Date "2014.03.06"]
[Round "5.1"]
[White "Bohus, Adam"]
[Black "Juracsik, Jozsef"]
[Result "0-1"]
[WhiteElo "2018"]
[BlackElo "2124"]
[PlyCount "74"]
[EventDate "2014.03.01"]

1. d4 Nf6 2. c4 e6 3. Nc3 Bb4 4. e3 b6 5. Nf3 Bb7 6. Bd3 Ne4 7. O-O f5 8. Qc2
Bxc3 9. bxc3 O-O 10. Nd2 Nxd2 11. Bxd2 Qh4 12. f3 d6 13. e4 f4 14. Rae1 e5 15.
c5 dxc5 16. dxc5 Nd7 17. cxb6 cxb6 18. Bc4+ Kh8 19. Bd5 Bxd5 20. exd5 Qe7 21.
Re2 Qc5+ 22. Kh1 Qxd5 23. Rfe1 Rac8 24. h3 Rc4 25. Bc1 Qc6 26. Bb2 h6 27. Re4
b5 28. Qd2 Rxe4 29. Rxe4 Rf5 30. Qe2 Qd5 31. c4 bxc4 32. Qxc4 Qd1+ 33. Kh2 Rg5
34. Qb5 Qb1 35. Re2 Qf1 36. a4 a6 37. Rf2 Qxf2 0-1

[Event "First Saturday FM-A March 2014"]
[Site "Budapest"]
[Date "2014.03.06"]
[Round "5.2"]
[White "Machlik, Edit"]
[Black "Grundekjon, Christian"]
[Result "1-0"]
[WhiteElo "1885"]
[BlackElo "2022"]
[PlyCount "143"]
[EventDate "2014.03.01"]

1. d4 d6 2. c4 e5 3. Nc3 exd4 4. Qxd4 Nc6 5. Qd2 Bf5 6. e4 Bg6 7. b3 Nf6 8. Bd3
Nd7 9. Bb2 Be7 10. Nge2 O-O 11. Ng3 Nc5 12. Bc2 Bf6 13. O-O Re8 14. Rfe1 a5 15.
a3 Nd4 16. Qd1 h5 17. f3 Nxc2 18. Qxc2 Bd4+ 19. Kh1 Qh4 20. Rad1 Ne6 21. Nd5
Bxb2 22. Qxb2 c6 23. Ne3 Rad8 24. Re2 Qf4 25. Ngf5 h4 26. Rf2 Bxf5 27. Nxf5 g6
28. g3 hxg3 29. hxg3 Qe5 30. Nh6+ Kf8 31. Ng4 Qxb2 32. Rxb2 c5 33. Nf6 Re7 34.
Nd5 Red7 35. Nf6 Rc7 36. Nd5 Rc6 37. Kg2 Rb8 38. Nc3 Nd4 39. a4 Re8 40. Nb5 Rb6
41. Nxd4 cxd4 42. Rxd4 Rc8 43. Kf2 Ke7 44. Ke3 Rc5 45. g4 g5 46. Rdd2 Kf6 47.
Kd4 Kg6 48. Rh2 Rb4 49. Rhc2 Kf6 50. Rc3 b5 51. axb5 Rcxb5 52. Ra2 Rc5 53. Rd3
Ke6 54. Ra3 Rb8 55. Rd1 f6 56. Rda1 Rc7 57. Kc3 Rcb7 58. Rb1 Ra8 59. Rd1 Rc7
60. Rd5 Rc5 61. Kd4 Rb8 62. Rxc5 dxc5+ 63. Kxc5 Ke5 64. Rxa5 Rxb3 65. Kc6+ Kd4
66. Rf5 Kxc4 67. Rxf6 Kd4 68. Rf5 Re3 69. Kd6 Ra3 70. Ke6 Ra6+ 71. Kf7 Ke3 72.
e5 1-0

[Event "First Saturday FM-A March 2014"]
[Site "Budapest"]
[Date "2014.03.06"]
[Round "5.3"]
[White "Lukacs, Albert"]
[Black "Machlik, Monika"]
[Result "1-0"]
[WhiteElo "1902"]
[BlackElo "1973"]
[PlyCount "55"]
[EventDate "2014.03.01"]

1. e4 c6 2. d4 d5 3. Nc3 dxe4 4. Nxe4 Bf5 5. Ng3 Bg6 6. h4 h6 7. Nf3 Nd7 8. Bd3
Bxd3 9. Qxd3 e6 10. Bd2 Qc7 11. O-O O-O-O 12. b4 g5 13. b5 c5 14. dxc5 Bxc5 15.
Bc3 f6 16. Ne4 Ne7 17. Nxc5 Nxc5 18. Qc4 e5 19. Rad1 Kb8 20. Rfe1 Rxd1 21. Rxd1
Rc8 22. Bb4 Qb6 23. a4 Nxa4 24. Qf7 Nf5 25. Nxe5 fxe5 26. Qxf5 Rd8 27. Qxe5+
Ka8 28. Ra1 1-0

[Event "First Saturday FM-A March 2014"]
[Site "Budapest"]
[Date "2014.03.06"]
[Round "5.4"]
[White "Steer, Jozsef"]
[Black "Kis, Bela"]
[Result "1/2-1/2"]
[WhiteElo "1919"]
[BlackElo "2093"]
[PlyCount "62"]
[EventDate "2014.03.01"]

1. e4 d6 2. d4 Nf6 3. Nc3 g6 4. Bc4 Bg7 5. f3 c6 6. Bb3 d5 7. Be3 dxe4 8. Nxe4
Nbd7 9. c3 O-O 10. Nxf6+ Nxf6 11. Qd2 b6 12. Ne2 Ba6 13. O-O c5 14. Rfe1 Rc8
15. Rad1 e6 16. dxc5 Qxd2 17. Rxd2 bxc5 18. Rd6 Bxe2 19. Rxe2 c4 20. Bc2 Nd5
21. Bxa7 Ra8 22. Rd7 Nf6 23. Rb7 Rfd8 24. Be4 Bf8 25. Kf1 Rd1+ 26. Re1 Rd2 27.
a3 Rxa7 28. Rxa7 Bc5 29. Ra8+ Kg7 30. Re2 Rd1+ 31. Re1 Rd2 1/2-1/2

[Event "First Saturday FM-A March 2014"]
[Site "Budapest"]
[Date "2014.03.06"]
[Round "5.5"]
[White "Marcu, Simon"]
[Black "Schenkerik, Csaba"]
[Result "1/2-1/2"]
[WhiteElo "1892"]
[BlackElo "2077"]
[PlyCount "59"]
[EventDate "2014.03.01"]

1. d4 f5 2. c4 e6 3. a3 b6 4. Nf3 Nf6 5. g3 Bb7 6. Bg2 Be7 7. O-O O-O 8. Nc3
Qe8 9. d5 Ne4 10. Bf4 Nxc3 11. bxc3 Bf6 12. Bxc7 Bxc3 13. Bd6 Bxa1 14. Bxf8 Bf6
15. Bd6 Na6 16. Ne5 Bxe5 17. Bxe5 Nc5 18. Qd4 Qf7 19. d6 Bxg2 20. Kxg2 Rc8 21.
Kh1 Qg6 22. f3 Rf8 23. Rg1 h5 24. h3 Rf7 25. Qh4 Nb7 26. Qd4 Qh6 27. h4 Nc5 28.
Bf4 Qf6 29. Be5 Qh6 30. Bf4 1/2-1/2

[Event "First Saturday FM-A March 2014"]
[Site "Budapest"]
[Date "2014.03.08"]
[Round "6.1"]
[White "Juracsik, Jozsef"]
[Black "Schenkerik, Csaba"]
[Result "1/2-1/2"]
[WhiteElo "2124"]
[BlackElo "2077"]
[PlyCount "32"]
[EventDate "2014.03.01"]

1. e4 d5 2. exd5 Qxd5 3. Nc3 Qd7 4. d4 b6 5. Nf3 Nc6 6. Be2 e6 7. O-O Bb7 8.
Be3 Nf6 9. Qd2 Bd6 10. Rfe1 O-O 11. Rad1 a6 12. h3 Rfe8 13. Bf4 Bxf4 14. Qxf4
Rad8 15. Bf1 h6 16. a3 Qe7 1/2-1/2

[Event "First Saturday FM-A March 2014"]
[Site "Budapest"]
[Date "2014.03.08"]
[Round "6.2"]
[White "Kis, Bela"]
[Black "Marcu, Simon"]
[Result "0-1"]
[WhiteElo "2093"]
[BlackElo "1892"]
[PlyCount "66"]
[EventDate "2014.03.01"]

1. e4 c6 2. d4 d5 3. exd5 cxd5 4. c4 e6 5. Nf3 Nf6 6. Nc3 a6 7. Bd3 dxc4 8.
Bxc4 b5 9. Bd3 Bb7 10. O-O Be7 11. Qe2 O-O 12. Bg5 Nbd7 13. Rad1 h6 14. Bc1 Qc7
15. Ne5 Rad8 16. f4 Nb6 17. f5 exf5 18. Rxf5 Rxd4 19. Be3 Rdd8 20. Rc1 Qd6 21.
Bc2 Bc8 22. Rf2 Be6 23. Bf4 Qc5 24. Ne4 Nxe4 25. Bxe4 Bc4 26. Qf3 Nd5 27. Bxh6
gxh6 28. Qg4+ Bg5 29. b4 Qe3 30. Rxc4 Qe1+ 31. Rf1 Qxf1+ 32. Kxf1 Ne3+ 33. Ke2
Nxg4 0-1

[Event "First Saturday FM-A March 2014"]
[Site "Budapest"]
[Date "2014.03.08"]
[Round "6.3"]
[White "Machlik, Monika"]
[Black "Steer, Jozsef"]
[Result "1-0"]
[WhiteElo "1973"]
[BlackElo "1919"]
[PlyCount "119"]
[EventDate "2014.03.01"]

1. e4 c6 2. d4 d5 3. f3 g6 4. Nc3 Bg7 5. Be3 h5 6. Qd2 e6 7. Bd3 dxe4 8. Bxe4
Nf6 9. Bd3 Nd5 10. Nxd5 cxd5 11. Ne2 Nc6 12. c3 a6 13. O-O Bd7 14. Bg5 Bf6 15.
Bxf6 Qxf6 16. Rae1 O-O 17. f4 Ne7 18. Ng3 Kg7 19. Re5 Rh8 20. Rg5 h4 21. Nh1
Nf5 22. Nf2 Nh6 23. Ng4 Nxg4 24. Rxg4 h3 25. g3 Rh5 26. Rg5 Rah8 27. Be2 R5h6
28. Bd3 Rh5 29. Re5 Qd8 30. a3 Qb6 31. Rf2 Bb5 32. Bb1 Qc6 33. Rg5 f5 34. Rxh5
Rxh5 35. Qe3 Qd6 36. Rd2 Rh8 37. Rd1 Re8 38. Re1 Kf6 39. Bc2 Bd7 40. Bd3 b5 41.
g4 fxg4 42. Qg3 Rg8 43. Qxg4 Qf8 44. Re3 Ke7 45. Rxh3 Qf6 46. Rh7+ Kd6 47. Qg5
Rf8 48. Qxf6 Rxf6 49. Rh4 a5 50. Rg4 Be8 51. b4 axb4 52. axb4 Kc6 53. Kg2 Kb6
54. Kg3 Kc7 55. Rh4 Rf7 56. Bxg6 Rg7 57. Rh7 Rxh7 58. Bxh7 Kd6 59. Kg4 Ke7 60.
Kg5 1-0